何かよう? - Statistics

General Stats
  • This quiz has been taken 7 times
  • The average score is 4 of 12
Answer Stats
Hint Answer % Correct
月曜の次 火曜
100%
学校や礼拝などに出席する 通う
71%
水などの液体によく溶けること 可溶
57%
変形して花の一部になった葉 花葉
57%
どのように?どのような?といった意味の問いかけ 如何様
43%
岡山県中央部にあった町 賀陽
43%
宋代五名窯の1つ 哥窯
14%
ふるまいや外観どおりに思われる 似かよう
0%
イチジクのこと 無花果葉
0%
メギ科の植物 山荷葉
0%
かつての土佐清水市長で官製談合防止法違反で懲役刑を受刑 程岡庸
0%
埼玉県熊谷市にある古墳の名前 すか様(古墳)
0%
No matching quizzes found
Score Distribution
Percent of People with Each Score
Percentile by Number Answered
Your Score History
You have not taken this quiz